000 00486cam a2200193ua 4500
001 1429
005 20260515113331.0
008 110715n ii |||gr||||Z||||||eng
040 _cMAIN
082 _a331
100 _aMathur, J. S.,
_eAuthor.
245 1 _aIndian working class movement
_cby J. S. Mathur
250 _a1st.
260 _aAllahabad:
_bCentral Book Depot.
300 _ax; 415p:
_c23cm.
653 _aEconomics
653 _aindian working class movement
942 _cBK
999 _c1320
_d1320